Statystyki dla Kartkówka z wiedzy ogólnej. #5

Kliknij tutaj aby rozwiązać quiz!

Ogólne statystyki

  • Ten quiz został rozwiązany 18 razy
  • Średni wynik to 5 z 10

Statystyki odpowiedzi

HintOdpowiedź% Poprawnych
Jaki kolor ma bila najwyżej punktowana w snookerze?Czarny
89%
Terytorium jakiego państwa leży najbliżej terytorium USA, oprócz sąsiadujących Kanady i Meksyku?Rosja
83%
Kto był ojcem polskiego króla Mieszka II Lamberta?Bolesław I Chrobry
72%
Uchwalenie Konstytucji 3 Maja miało miejsce w roku:1791
56%
W jakim kraju znajduje się Gandawa?Belgia
44%
Kwas solny to związek chemiczny wodoru z:Chlorem
44%
Z ilu bitów składa się bajt?
8
33%
Wokalistą jakiego zespołu był Jim Morrison?The Doors
33%
Jakiej narodowości był kompozytor Edvard Grieg?Norweg
22%
Konkurencjami pięcioboju nowoczesnego są: strzelectwo, bieg, jeździectwo, pływanie oraz... Jaka jest piąta konkurencja?Szermierka
17%

Rozkład punktacji

Percentyl według liczby udzielonych odpowiedzi

Procent ludzi z każdym wynikiem

Twoja historia wyników

Nie rozwiązałeś tego quizu